[Event "25th Chicago Open"]
[Site "Wheeling, IL"]
[Date "2016.05.29"]
[Round "6"]
[White "Kretchetov, Alexandre"]
[Black "Gorti, Akshita"]
[Result "1/2-1/2"]
[WhiteElo "2246"]
[BlackElo "2184"]
[PlyCount "47"]
[EventDate "2016.05.??"]
[EventType "swiss"]
[EventRounds "9"]
[EventCountry "USA"]
[Source "MonRoi"]

1. d4 e6 2. c4 Nf6 3. Nc3 Bb4 4. f3 c5 5. d5 O-O 6. e4 d6 7. Nge2 a6 8. Ng3 b5
9. Be2 bxc4 10. O-O Bxc3 11. bxc3 exd5 12. exd5 Nbd7 13. Bxc4 Nb6 14. Qd3 Bb7
15. Rd1 Nfxd5 16. Bxd5 Bxd5 17. Bf4 Qf6 18. Qf5 Qxf5 19. Nxf5 Be6 20. Ne7+ Kh8
21. Bxd6 Rfe8 22. Bxc5 Na4 23. Ba3 Nxc3 24. Rd2 1/2-1/2

[Event "25th Chicago Open"]
[Site "Wheeling, IL"]
[Date "2016.05.29"]
[Round "6"]
[White "Narayanan, Samrug"]
[Black "Haessel, Dale"]
[Result "0-1"]
[WhiteElo "1788"]
[BlackElo "2234"]
[PlyCount "76"]
[EventDate "2016.05.??"]
[EventType "swiss"]
[EventRounds "9"]
[EventCountry "USA"]
[Source "MonRoi"]

1. e4 e5 2. Nf3 Nc6 3. Bb5 Nf6 4. O-O Nxe4 5. d4 Nd6 6. Bxc6 dxc6 7. dxe5 Nf5
8. Qxd8+ Kxd8 9. Nc3 Ke8 10. Bf4 h5 11. Rad1 Be7 12. Rfe1 Be6 13. Ng5 Rh6 14.
Nxe6 Rxe6 15. g3 g5 16. Bc1 Rd8 17. f4 gxf4 18. Rxd8+ Bxd8 19. gxf4 Nd4 20. Re4
Rg6+ 21. Kh1 Nxc2 22. f5 Rg4 23. Rxg4 hxg4 24. Ne4 Bh4 25. Bd2 Nd4 26. f6 Nf3
27. Bc3 b6 28. Kg2 Kd7 29. h3 Ke6 30. hxg4 Nxe5 31. g5 Kf5 32. Kh3 Ng6 33. Nd2
Bxg5 34. Nf3 Nf4+ 35. Kh2 Bxf6 36. Bxf6 Kxf6 37. Nd4 Nd3 38. Nxc6 a5 0-1

[Event "25th Chicago Open"]
[Site "Wheeling, IL"]
[Date "2016.05.29"]
[Round "7.1"]
[White "Durarbayli, Vasif"]
[Black "Belous, Vladimir"]
[Result "1/2-1/2"]
[WhiteElo "2596"]
[BlackElo "2557"]
[PlyCount "114"]
[EventDate "2016.05.??"]
[EventType "swiss"]
[EventRounds "9"]
[EventCountry "USA"]
[Source "MonRoi"]
[WhiteClock "0:17:58"]
[BlackClock "0:06:23"]

1. e4 c5 2. Nf3 Nc6 3. Nc3 e5 4. Bc4 d6 5. d3 Be7 6. Nd2 Nf6 7. Nf1 Bg4 8. f3
Be6 9. Ne3 O-O 10. O-O Nd7 11. Ned5 Nb6 12. Nxb6 axb6 13. Nd5 Kh8 14. c3 Na5
15. f4 Nxc4 16. dxc4 f5 17. exf5 Rxf5 18. Qd3 Rf8 19. b3 Bf5 20. Qe2 Bf6 21.
fxe5 Bxe5 22. Bf4 Re8 23. Bxe5 Rxe5 24. Qd2 Be4 25. Nf4 Qe7 26. Rad1 Rd8 27.
Qf2 h6 28. Rde1 Kh7 29. Re3 Rf8 30. Qe2 Rff5 31. Rf2 Bb1 32. Nd5 Rxf2 33. Qxf2
Qg5 34. h4 Qg6 35. Rg3 Qh5 36. Re3 Rxe3 37. Nxe3 Qe5 38. Qd2 Qf4 39. h5 Qg5 40.
a3 Qxh5 41. Qxd6 Qg5 42. Qe6 Qg3 43. Nd5 h5 44. b4 Qg5 45. Qe7 Qxe7 46. Nxe7
Bd3 47. Nc8 cxb4 48. cxb4 Bxc4 49. Nxb6 Bd3 50. a4 Kg6 51. Nd7 Be4 52. b5 Kf7
53. a5 Ke7 54. Nc5 Bd5 55. a6 bxa6 56. bxa6 Kd6 57. Nd3 Kc7 1/2-1/2

[Event "25th Chicago Open"]
[Site "Wheeling, IL"]
[Date "2016.05.29"]
[Round "7.2"]
[White "Stukopin, Andrey"]
[Black "Yu, Yangyi"]
[Result "1/2-1/2"]
[WhiteElo "2595"]
[BlackElo "2737"]
[PlyCount "66"]
[EventDate "2016.05.??"]
[EventType "swiss"]
[EventRounds "9"]
[EventCountry "USA"]
[Source "MonRoi"]
[WhiteClock "0:27:15"]
[BlackClock "0:03:28"]

1. Nf3 Nf6 2. g3 d5 3. Bg2 e6 4. O-O Be7 5. d3 O-O 6. Nbd2 a5 7. a4 Nc6 8. e4
dxe4 9. dxe4 e5 10. Nc4 Qxd1 11. Rxd1 Ng4 12. h3 Be6 13. Na3 Nf6 14. Nb5 Rfd8
15. Bg5 Rxd1+ 16. Rxd1 Rc8 17. h4 Bc5 18. Bxf6 gxf6 19. Rd2 Bb6 20. Kh2 Rd8 21.
Rxd8+ Nxd8 22. Bh3 Kf8 23. Bxe6 Nxe6 24. Kg2 c6 25. Nc3 Bd4 26. Nd1 b5 27. axb5
cxb5 28. Ne1 a4 29. c3 Bb6 30. Nd3 Nc5 31. Nxc5 Bxc5 32. Kf3 Ke7 33. Ke2 Kd6
1/2-1/2

[Event "25th Chicago Open"]
[Site "Wheeling, IL"]
[Date "2016.05.29"]
[Round "7.3"]
[White "Petrosian, Tigran"]
[Black "Shimanov, Alex"]
[Result "1-0"]
[WhiteElo "2593"]
[BlackElo "2631"]
[PlyCount "80"]
[EventDate "2016.05.??"]
[EventType "swiss"]
[EventRounds "9"]
[EventCountry "USA"]
[Source "MonRoi"]
[WhiteClock "0:00:15"]
[BlackClock "0:26:37"]

1. g3 g6 2. Bg2 Bg7 3. d4 c5 4. c3 cxd4 5. cxd4 d5 6. Nc3 e6 7. Nf3 Nc6 8. Bf4
Nge7 9. Qd2 Nf5 10. Nb5 O-O 11. g4 Nfe7 12. h3 Bd7 13. Bc7 Qc8 14. Bd6 a6 15.
Nc3 Qd8 16. O-O Na7 17. Rfc1 Bc6 18. Ba3 Re8 19. Ne5 Qb8 20. e3 Qd8 21. Rc2
Nec8 22. Nxc6 Nxc6 23. Na4 Rb8 24. Rac1 Bf8 25. Bxf8 Rxf8 26. Nc5 N6e7 27. e4
dxe4 28. Nxe4 Nd5 29. Qh6 Nd6 30. Ng5 Nf6 31. a4 Re8 32. Rc3 Re7 33. Rf3 Rd7
34. Rxf6 Qxf6 35. Qxh7+ Kf8 36. Nxe6+ Ke7 37. Re1 Ne4 38. Rxe4 Kd6 39. g5 Qf5
40. Qh4 Kd5 1-0

[Event "25th Chicago Open"]
[Site "Wheeling, IL"]
[Date "2016.05.29"]
[Round "7.4"]
[White "Macieja, Bartlomiej"]
[Black "Nyzhnyk, Illia"]
[Result "1/2-1/2"]
[WhiteElo "2554"]
[BlackElo "2622"]
[PlyCount "117"]
[EventDate "2016.05.??"]
[EventType "swiss"]
[EventRounds "9"]
[EventCountry "USA"]
[Source "MonRoi"]
[WhiteClock "0:13:12"]
[BlackClock "1:27:53"]

1. e4 e6 2. d4 d5 3. Nc3 dxe4 4. Nxe4 Nd7 5. c3 Ngf6 6. Bd3 Nxe4 7. Bxe4 Nf6 8.
Bc2 c5 9. Nf3 cxd4 10. Nxd4 Bc5 11. O-O Bxd4 12. Ba4+ Bd7 13. Qxd4 Bxa4 14.
Qxa4+ Qd7 15. Qh4 O-O 16. Bg5 Nd5 17. c4 f6 18. cxd5 fxg5 19. dxe6 gxh4 20.
exd7 Rad8 21. Rad1 Rf7 22. Rd4 Rfxd7 23. Rxh4 Rd4 24. Rxd4 Rxd4 25. Rb1 b5 26.
Kf1 Rd2 27. a3 a5 28. b4 axb4 29. Rxb4 Rd3 30. Rxb5 Rxa3 31. h4 g6 32. h5 Kg7
33. Ke2 Kh6 34. g4 Rh3 35. hxg6 hxg6 36. f3 Rh2+ 37. Ke3 Ra2 38. f4 Ra4 39. Kf3
Kg7 40. Rb7+ Kf8 41. Rd7 Rb4 42. Rc7 Ra4 43. Rd7 Rb4 44. Rd5 Kf7 45. Ke3 Ke6
46. Rd4 Rb3+ 47. Rd3 Rb4 48. Ra3 Kf7 49. Ra7+ Kf8 50. Kf3 Rc4 51. Rd7 Ra4 52.
g5 Rb4 53. Ke3 Ra4 54. Rd4 Ra7 55. Rd6 Kf7 56. Ke4 Ra4+ 57. Ke5 Ra5+ 58. Rd5
Ra7 59. f5 1/2-1/2

[Event "25th Chicago Open"]
[Site "Wheeling, IL"]
[Date "2016.05.29"]
[Round "7"]
[White "Zapata, Alonso"]
[Black "Shabalov, Alexander"]
[Result "1-0"]
[WhiteElo "2430"]
[BlackElo "2533"]
[PlyCount "58"]
[EventDate "2016.05.??"]
[EventType "swiss"]
[EventRounds "9"]
[EventCountry "USA"]
[Source "MonRoi"]

1. e4 c5 2. Nf3 d6 3. d4 cxd4 4. Nxd4 Nf6 5. Nc3 Nc6 6. Bc4 Qb6 7. Nb3 e6 8.
O-O Be7 9. Kh1 a6 10. f4 Qc7 11. Qe2 b5 12. Bd3 Bb7 13. Bd2 h5 14. a4 b4 15.
Nd1 h4 16. Nf2 d5 17. e5 Nd7 18. Nh3 g6 19. Be3 Kf8 20. Qg4 Kg7 21. Nd4 Nxd4
22. Bxd4 Bc5 23. f5 Bxd4 24. fxe6 Nxe5 25. Qxd4 f6 26. Rae1 Rae8 27. Rxe5 Qxe5
28. Qxb4 Ba8 29. Re1 Rb8 1-0

[Event "25th Chicago Open"]
[Site "Wheeling, IL"]
[Date "2016.05.29"]
[Round "7"]
[White "Li, Ruifeng"]
[Black "Shmelov, Denys"]
[Result "1-0"]
[WhiteElo "2517"]
[BlackElo "2406"]
[PlyCount "73"]
[EventDate "2016.05.??"]
[EventType "swiss"]
[EventRounds "9"]
[EventCountry "USA"]
[Source "MonRoi"]

1. g3 d5 2. Bg2 Nf6 3. f4 g6 4. Nf3 Bg7 5. O-O O-O 6. d3 c5 7. Nc3 d4 8. Ne4
Nxe4 9. dxe4 Nc6 10. Kh1 e5 11. f5 f6 12. g4 g5 13. h4 h6 14. Qd3 Qe7 15. c4
Bd7 16. Bd2 Rfb8 17. a4 b6 18. Kg1 a6 19. Kf2 Be8 20. Rh1 Bf7 21. Qc2 Na5 22.
b3 Kf8 23. Rab1 Rc8 24. Qc1 Rc6 25. Rh3 Bg8 26. hxg5 hxg5 27. Nxg5 fxg5 28.
Bxg5 Qf7 29. Bd2 Rd8 30. g5 Rdd6 31. Kg1 Ke8 32. Qe1 Nb7 33. Qg3 Kd7 34. f6
Rxf6 35. gxf6 Bxf6 36. Rf1 Qe8 37. Rh6 1-0

[Event "25th Chicago Open"]
[Site "Wheeling, IL"]
[Date "2016.05.29"]
[Round "7"]
[White "Vazquez, Guillermo"]
[Black "Fishbein, Alexander"]
[Result "1-0"]
[WhiteElo "2401"]
[BlackElo "2481"]
[PlyCount "95"]
[EventDate "2016.05.??"]
[EventType "swiss"]
[EventRounds "9"]
[EventCountry "USA"]
[Source "MonRoi"]

1. e4 c5 2. Nf3 d6 3. d4 cxd4 4. Qxd4 a6 5. h3 Nc6 6. Qe3 Nf6 7. c4 g6 8. Be2
Bg7 9. O-O O-O 10. Nc3 Nd7 11. Rb1 Nde5 12. Rd1 Nxf3+ 13. Bxf3 e5 14. b3 Be6
15. Bb2 Qb8 16. Nd5 Nd4 17. Nb6 Ra7 18. Bxd4 exd4 19. Rxd4 Bxd4 20. Qxd4 a5 21.
Bg4 Ra6 22. Bxe6 Qa7 23. Bd5 Qxb6 24. Qf6 Qc7 25. h4 Re8 26. h5 Qe7 27. Qf4 b6
28. Rd1 Ra7 29. Bc6 Rd8 30. Rd3 Rc7 31. Bd5 gxh5 32. Qh6 Kh8 33. Rf3 Qe5 34.
Rf6 Re7 35. g3 h4 36. Qxh4 Rde8 37. Kg2 a4 38. bxa4 Ra7 39. Qh6 Rg8 40. Rf5 Qd4
41. e5 Qg4 42. Qf6+ Qg7 43. Qxd6 Qg4 44. Qf6+ Rg7 45. e6 fxe6 46. Qxe6 Rg8 47.
Qe5+ Qg7 48. Rg5 1-0

[Event "25th Chicago Open"]
[Site "Wheeling, IL"]
[Date "2016.05.29"]
[Round "7"]
[White "Kleiman, Jake"]
[Black "Bregadze, Levan"]
[Result "1/2-1/2"]
[WhiteElo "2378"]
[BlackElo "2467"]
[PlyCount "100"]
[EventDate "2016.05.??"]
[EventType "swiss"]
[EventRounds "9"]
[EventCountry "USA"]
[Source "MonRoi"]

1. e4 c5 2. c3 Nf6 3. e5 Nd5 4. Bc4 e6 5. Nf3 d6 6. d4 cxd4 7. cxd4 dxe5 8.
dxe5 Bb4+ 9. Nbd2 Nb6 10. Qb3 Nc6 11. Bb5 Bd7 12. O-O Bxd2 13. Bxd2 Nd5 14. Bd3
h6 15. Qc4 Qb6 16. b4 Nce7 17. a4 a6 18. b5 axb5 19. axb5 Rxa1 20. Rxa1 O-O 21.
h4 Rc8 22. Qe4 Ng6 23. h5 Nf8 24. Qg4 Kh8 25. Ra3 Qc5 26. Rb3 Ra8 27. g3 Ra3
28. Rxa3 Qxa3 29. Qc4 Kg8 30. Kg2 Qb2 31. Qa4 b6 32. Qg4 Kh8 33. Qc4 Kg8 34.
Qg4 Kh8 35. Qa4 Kg8 36. Qc4 Qa1 37. Qg4 Kh8 38. Qc4 Kg8 39. Bb4 Qb2 40. Bd2 Qa1
41. g4 Qb2 42. Kg3 Qa3 43. Bc1 Qa1 44. Bd2 Qa3 45. Kg2 Qb2 46. Qd4 Qb3 47. Qc4
Qb2 48. Bc1 Qa1 49. Bd2 Qb2 50. Qd4 Qb3 1/2-1/2

[Event "25th Chicago Open"]
[Site "Wheeling, IL"]
[Date "2016.05.29"]
[Round "7"]
[White "Lee, Michael"]
[Black "Mulyar, Michael"]
[Result "1/2-1/2"]
[WhiteElo "2526"]
[BlackElo "2388"]
[PlyCount "62"]
[EventDate "2016.05.??"]
[EventType "swiss"]
[EventRounds "9"]
[EventCountry "USA"]
[Source "MonRoi"]

1. c4 e5 2. Nc3 Nc6 3. Nf3 Nf6 4. g3 d5 5. cxd5 Nxd5 6. Bg2 Nb6 7. Rb1 Be7 8.
b4 e4 9. Nxe4 Bf5 10. Nh4 Bxh4 11. gxh4 Qxh4 12. d3 Bh3 13. Rg1 Bxg2 14. Rxg2
f5 15. Ng5 O-O-O 16. Nf7 Qh3 17. Kf1 Rd4 18. Ng5 Qh5 19. b5 Nd8 20. Qd2 h6 21.
Nf3 Rg4 22. Rb4 Ne6 23. Rbxg4 fxg4 24. Ng1 Qf5 25. Qe3 g5 26. f3 gxf3 27. Nxf3
Nf4 28. Rf2 Nh3 29. Rg2 Nf4 30. Rf2 Nh3 31. Rg2 Nf4 1/2-1/2

[Event "25th Chicago Open"]
[Site "Wheeling, IL"]
[Date "2016.05.29"]
[Round "7"]
[White "Sarkar, Justin"]
[Black "Ludwig, John"]
[Result "1-0"]
[WhiteElo "2430"]
[BlackElo "2348"]
[PlyCount "93"]
[EventDate "2016.05.??"]
[EventType "swiss"]
[EventRounds "9"]
[EventCountry "USA"]
[Source "MonRoi"]

1. d4 Nf6 2. c4 c5 3. d5 e6 4. Nc3 exd5 5. cxd5 d6 6. Nf3 g6 7. Bf4 a6 8. a4
Bg7 9. h3 O-O 10. e3 Re8 11. Nd2 Nbd7 12. Be2 Ne5 13. O-O Nfd7 14. Qc2 b6 15.
Bh2 f5 16. Rab1 Bb7 17. e4 fxe4 18. Ndxe4 Nf6 19. f4 Nxe4 20. Nxe4 Nf7 21. f5
Bxd5 22. fxg6 hxg6 23. Bf3 Be6 24. Nxd6 Nxd6 25. Bxa8 Nf5 26. Bb7 a5 27. Rbe1
Bf7 28. Rxe8+ Qxe8 29. Bf4 c4 30. Kh2 Qe7 31. g4 Ne3 32. Bxe3 Qxe3 33. Qf2 Qe5+
34. Kh1 Bd5+ 35. Bxd5+ Qxd5+ 36. Qf3 Qxf3+ 37. Rxf3 Bxb2 38. Kg2 c3 39. Rf2 Bc1
40. Kf1 Bg5 41. Rc2 Bf6 42. Ke2 Kg7 43. Rc1 Kh6 44. Rb1 Bd4 45. Rb5 Bc5 46.
Rxc5 bxc5 47. h4 1-0

[Event "25th Chicago Open"]
[Site "Wheeling, IL"]
[Date "2016.05.29"]
[Round "7"]
[White "Panjwani, Raja"]
[Black "Santarius, Erik"]
[Result "0-1"]
[WhiteElo "2393"]
[BlackElo "2302"]
[PlyCount "152"]
[EventDate "2016.05.??"]
[EventType "swiss"]
[EventRounds "9"]
[EventCountry "USA"]
[Source "MonRoi"]

1. Nf3 d5 2. b3 g6 3. Bb2 Nf6 4. c4 c6 5. g3 Bg7 6. Bg2 O-O 7. O-O Re8 8. Qc2
Bg4 9. h3 Bxf3 10. Bxf3 e5 11. Bg2 e4 12. Nc3 Qe7 13. cxd5 cxd5 14. Nb5 Nc6 15.
Rac1 a6 16. Nd4 Rac8 17. Qb1 Nh5 18. Qa1 Bh6 19. e3 Ng7 20. Nxc6 bxc6 21. Bf6
Qd6 22. g4 Ne6 23. Qe5 Qd7 24. Qg3 Bg7 25. Bxg7 Nxg7 26. d3 f5 27. gxf5 gxf5
28. Kh1 Re6 29. Rg1 Rf8 30. Qf4 Qe7 31. Bf1 Kh8 32. Be2 Ref6 33. Rg2 Qe6 34.
Rcg1 R6f7 35. d4 a5 36. h4 Qf6 37. Qg5 Qxg5 38. Rxg5 f4 39. Bg4 Rf6 40. Re5
fxe3 41. fxe3 R8f7 42. Kh2 Rf2+ 43. Rg2 Rf1 44. Be2 R1f2 45. Bg4 Rxg2+ 46. Kxg2
h6 47. h5 Rc7 48. Kf2 Kg8 49. Ke2 Kf7 50. Kd2 Kf6 51. Kc3 Rb7 52. Bh3 Kf7 53.
a3 Kf6 54. Bg4 Rb8 55. b4 axb4+ 56. axb4 Rb7 57. Bh3 Kf7 58. Kb3 Kf6 59. Bg4
Re7 60. Rxe7 Kxe7 61. Ka4 Kd6 62. Ka5 Kc7 63. Ka6 Ne8 64. b5 cxb5 65. Kxb5 Kd6
66. Kb6 Nf6 67. Be2 Nh7 68. Kb7 Ng5 69. Kc8 Nf3 70. Kd8 Nd2 71. Ke8 Ke6 72.
Bg4+ Kf6 73. Kd7 Nc4 74. Be6 Nxe3 75. Kd6 Nf5+ 76. Kxd5 e3 0-1

[Event "25th Chicago Open"]
[Site "Wheeling, IL"]
[Date "2016.05.29"]
[Round "7"]
[White "Li, Ben"]
[Black "Shetty, Atulya"]
[Result "1/2-1/2"]
[WhiteElo "2249"]
[BlackElo "2366"]
[PlyCount "85"]
[EventDate "2016.05.??"]
[EventType "swiss"]
[EventRounds "9"]
[EventCountry "USA"]
[Source "MonRoi"]

1. d4 d5 2. c4 c6 3. Nf3 Nf6 4. e3 a6 5. Bd3 g6 6. h3 Bg7 7. O-O O-O 8. Nc3
dxc4 9. Bxc4 b5 10. Bd3 c5 11. b3 cxd4 12. Nxd4 Bb7 13. Bb2 Nbd7 14. Rc1 Nc5
15. Bb1 b4 16. Nce2 Rc8 17. Qd2 Qb6 18. Rfd1 Rfd8 19. Qe1 a5 20. Nf3 Rxd1 21.
Rxd1 a4 22. Ned4 axb3 23. axb3 Nfe4 24. Rc1 Nd6 25. Nd2 Ne6 26. Rxc8+ Bxc8 27.
N2f3 Bb7 28. Qd2 Bxf3 29. Nxe6 fxe6 30. gxf3 Qc5 31. Bxg7 Kxg7 32. Bd3 Qd5 33.
Qb2+ Kg8 34. Be2 Nf5 35. Bc4 Qd1+ 36. Kh2 Kf7 37. Qh8 Qxf3 38. Qxh7+ Ng7 39.
Kg1 Qe4 40. Qh6 Nf5 41. Qh7+ Ng7 42. Qh6 Nf5 43. Qh7+ 1/2-1/2

[Event "25th Chicago Open"]
[Site "Wheeling, IL"]
[Date "2016.05.29"]
[Round "7"]
[White "Kavutskiy, Konstantin"]
[Black "Haessel, Dale"]
[Result "1-0"]
[WhiteElo "2365"]
[BlackElo "2234"]
[PlyCount "79"]
[EventDate "2016.05.??"]
[EventType "swiss"]
[EventRounds "9"]
[EventCountry "USA"]
[Source "MonRoi"]

1. d4 Nf6 2. c4 g6 3. f3 Nc6 4. Nc3 d5 5. Bg5 Bg7 6. e3 dxc4 7. Bxc4 O-O 8.
Nge2 Nd7 9. O-O Nb6 10. Bb3 Na5 11. Bc2 h6 12. Bh4 Nac4 13. Qc1 Qe8 14. b3 Nd6
15. f4 Nb5 16. Ne4 Nd5 17. a4 Nd6 18. Qd2 Bf5 19. N2g3 Nxe4 20. Bxe4 Bxe4 21.
Nxe4 Rd8 22. Bf2 Nf6 23. Qc2 Nxe4 24. Qxe4 c6 25. Rac1 Rd5 26. b4 f5 27. Qf3
Qd7 28. Rc4 a5 29. bxa5 Rxa5 30. Rb1 Rfa8 31. Rcb4 Rxa4 32. Rxb7 Qd6 33. h3 Ra1
34. Qd1 Rxb1 35. Qxb1 Kf7 36. Qb3+ Qe6 37. Rxe7+ Kxe7 38. Qb7+ Kf6 39. Qxa8 g5
40. fxg5+ 1-0

[Event "25th Chicago Open"]
[Site "Wheeling, IL"]
[Date "2016.05.29"]
[Round "7"]
[White "Carreto, Giovanni"]
[Black "Vibbert, Sean"]
[Result "0-1"]
[WhiteElo "2224"]
[BlackElo "2350"]
[PlyCount "64"]
[EventDate "2016.05.??"]
[EventType "swiss"]
[EventRounds "9"]
[EventCountry "USA"]
[Source "MonRoi"]

1. e4 c5 2. Nf3 e6 3. d4 cxd4 4. Nxd4 Nc6 5. Nc3 Qc7 6. Be3 a6 7. Qd2 b5 8.
O-O-O Nxd4 9. Qxd4 Bb7 10. Kb1 Rc8 11. Bf4 Qc6 12. Be2 b4 13. Nd5 exd5 14. exd5
Qc5 15. Qe4+ Kd8 16. Be3 Qd6 17. Bf3 Nf6 18. Qd4 Qc5 19. Qh4 Qa5 20. Bg5 Bd6
21. Bxf6+ gxf6 22. Qxf6+ Kc7 23. Qxf7 Qc5 24. Rd2 h5 25. h4 a5 26. Re1 Ba6 27.
Re4 Rcf8 28. Qg7 Rhg8 29. Qh7 Bb5 30. Qxh5 Kb8 31. Qh7 Rc8 32. Bd1 Rxg2 0-1

[Event "25th Chicago Open"]
[Site "Wheeling, IL"]
[Date "2016.05.29"]
[Round "7"]
[White "Homa, Seth"]
[Black "Giannatos, Peter"]
[Result "1-0"]
[WhiteElo "2325"]
[BlackElo "2185"]
[PlyCount "45"]
[EventDate "2016.05.??"]
[EventType "swiss"]
[EventRounds "9"]
[EventCountry "USA"]
[Source "MonRoi"]

1. d4 d5 2. Nf3 e6 3. c4 Nf6 4. Nc3 Be7 5. Bf4 O-O 6. e3 b6 7. Bd3 dxc4 8. Bxc4
Bb7 9. O-O c5 10. Qe2 Nc6 11. Rfd1 cxd4 12. Nxd4 Nxd4 13. Rxd4 Qc8 14. Rad1 Qc6
15. Qf1 Rfd8 16. Bb5 Qc8 17. Rc4 Bc5 18. b4 a6 19. Ba4 e5 20. Bg3 Qe6 21. Rxd8+
Rxd8 22. bxc5 b5 23. Rb4 1-0

[Event "25th Chicago Open"]
[Site "Wheeling, IL"]
[Date "2016.05.29"]
[Round "7"]
[White "Eckert, Doug"]
[Black "Carmenate, Holden"]
[Result "0-1"]
[WhiteElo "2152"]
[BlackElo "2518"]
[PlyCount "62"]
[EventDate "2016.05.??"]
[EventType "swiss"]
[EventRounds "9"]
[EventCountry "USA"]
[Source "MonRoi"]

1. c4 Nf6 2. g3 e6 3. Bg2 d5 4. Nf3 dxc4 5. Na3 Bxa3 6. bxa3 O-O 7. Qc2 Qd5 8.
Bb2 Nbd7 9. Rc1 Nb6 10. O-O Qb5 11. a4 Qxa4 12. Qxa4 Nxa4 13. Bxf6 gxf6 14.
Rxc4 Nb6 15. Rxc7 Rd8 16. d3 Nd5 17. Rc4 e5 18. Nd2 Be6 19. a3 Rab8 20. Ne4 b6
21. Rfc1 Kf8 22. Nc3 Nxc3 23. R4xc3 b5 24. f4 a5 25. fxe5 b4 26. axb4 axb4 27.
Rc7 b3 28. Bb7 Rd4 29. exf6 b2 30. Rb1 Rb4 31. Ba6 Ra4 0-1

[Event "25th Chicago Open"]
[Site "Wheeling, IL"]
[Date "2016.05.29"]
[Round "7"]
[White "Mattson, Dane"]
[Black "Kretchetov, Alexandre"]
[Result "1-0"]
[WhiteElo "2040"]
[BlackElo "2246"]
[PlyCount "53"]
[EventDate "2016.05.??"]
[EventType "swiss"]
[EventRounds "9"]
[EventCountry "USA"]
[Source "MonRoi"]

1. c4 e5 2. g3 Nc6 3. Nc3 d6 4. Bg2 Be6 5. d3 Qd7 6. Rb1 g6 7. Nd5 Nd8 8. Nf3
c6 9. Nc3 Bg7 10. O-O h6 11. Qa4 Ne7 12. Rd1 f5 13. d4 e4 14. Ne1 d5 15. cxd5
cxd5 16. Qxd7+ Kxd7 17. e3 Nf7 18. Na4 b6 19. Bd2 Nd6 20. Bf1 g5 21. Rbc1 Rab8
22. Rc2 Rhc8 23. Rdc1 Rxc2 24. Nxc2 Nc4 25. Bc3 f4 26. Bxc4 dxc4 27. d5 1-0

[Event "25th Chicago Open"]
[Site "Wheeling, IL"]
[Date "2016.05.29"]
[Round "7"]
[White "Colas, Joshua"]
[Black "Chow, Albert"]
[Result "1/2-1/2"]
[WhiteElo "2387"]
[BlackElo "2142"]
[PlyCount "101"]
[EventDate "2016.05.??"]
[EventType "swiss"]
[EventRounds "9"]
[EventCountry "USA"]
[Source "MonRoi"]

1. d4 d5 2. c4 dxc4 3. e3 Nf6 4. Bxc4 e6 5. Nf3 c5 6. O-O a6 7. a4 Nc6 8. Nc3
Be7 9. Qe2 cxd4 10. Rd1 e5 11. exd4 exd4 12. Nxd4 Nxd4 13. Qe3 O-O 14. Qxd4
Qxd4 15. Rxd4 Bc5 16. Rd1 Be6 17. Bxe6 fxe6 18. h3 Rad8 19. Rxd8 Rxd8 20. Bg5
h6 21. Bxf6 gxf6 22. Rd1 Rxd1+ 23. Nxd1 Kf7 24. Kf1 e5 25. Ke2 Bd4 26. Kd3 Ke6
27. f3 Kd5 28. g4 Kc5 29. Nc3 Bxc3 30. Kxc3 a5 31. h4 b5 32. axb5 Kxb5 33. Kd3
Kb4 34. Ke4 Kb3 35. Kf5 Kxb2 36. Kxf6 a4 37. g5 hxg5 38. hxg5 a3 39. g6 a2 40.
g7 a1=Q 41. g8=Q Kc2 42. Qc4+ Kd2 43. Qe4 Qc3 44. Kf5 Kd1 45. Kg4 Kd2 46. Kg3
Qc5 47. Kg4 Qc3 48. Kg5 Kd1 49. Kf6 Kd2 50. Ke6 Kd1 51. Qxe5 1/2-1/2

[Event "25th Chicago Open"]
[Site "Wheeling, IL"]
[Date "2016.05.30"]
[Round "8.1"]
[White "Zherebukh, Yaroslav"]
[Black "Durarbayli, Vasif"]
[Result "1/2-1/2"]
[WhiteElo "2595"]
[BlackElo "2596"]
[PlyCount "51"]
[EventDate "2016.05.??"]
[EventType "swiss"]
[EventRounds "9"]
[EventCountry "USA"]
[Source "MonRoi"]
[WhiteClock "0:53:07"]
[BlackClock "1:40:22"]

1. d4 Nf6 2. c4 e6 3. Nf3 b6 4. g3 Bb7 5. Bg2 Be7 6. O-O O-O 7. d5 exd5 8. Nh4
c6 9. cxd5 Nxd5 10. Nf5 Nc7 11. e4 d5 12. Nc3 Bf6 13. exd5 Nxd5 14. Nxd5 cxd5
15. Ne3 Na6 16. Nxd5 Nc5 17. Be3 Bxd5 18. Bxd5 Rc8 19. Rb1 Ne6 20. Bxe6 fxe6
21. Qa4 Qe7 22. Rfe1 Rfd8 23. Re2 Qd7 24. Qg4 Qd5 25. b3 Qf5 26. Qxf5 1/2-1/2

[Event "25th Chicago Open"]
[Site "Wheeling, IL"]
[Date "2016.05.30"]
[Round "8.2"]
[White "Belous, Vladimir"]
[Black "Stukopin, Andrey"]
[Result "1-0"]
[WhiteElo "2557"]
[BlackElo "2595"]
[PlyCount "51"]
[EventDate "2016.05.??"]
[EventType "swiss"]
[EventRounds "9"]
[EventCountry "USA"]
[Source "MonRoi"]
[WhiteClock "0:38:36"]
[BlackClock "1:40:04"]

1. d4 Nf6 2. c4 e6 3. Nc3 Bb4 4. f3 O-O 5. a3 Bxc3+ 6. bxc3 d5 7. cxd5 exd5 8.
e3 Re8 9. Ne2 c5 10. Ng3 b6 11. Bb5 Bd7 12. Bd3 Bc6 13. O-O Nbd7 14. Qd2 Qc7
15. Bb2 Re6 16. c4 cxd4 17. cxd5 Bxd5 18. e4 Bc4 19. Bxc4 Qxc4 20. Nf5 Nc5 21.
Rac1 Qa4 22. Nxd4 Rd6 23. e5 Nb3 24. Qd1 Rxd4 25. Bxd4 b5 26. exf6 1-0

[Event "25th Chicago Open"]
[Site "Wheeling, IL"]
[Date "2016.05.30"]
[Round "8.3"]
[White "Petrosian, Tigran"]
[Black "Zhou, Jianchao"]
[Result "1/2-1/2"]
[WhiteElo "2593"]
[BlackElo "2617"]
[PlyCount "27"]
[EventDate "2016.05.??"]
[EventType "swiss"]
[EventRounds "9"]
[EventCountry "USA"]
[Source "MonRoi"]
[WhiteClock "1:20:17"]
[BlackClock "1:46:12"]

1. g3 e5 2. c4 Nf6 3. Bg2 d5 4. cxd5 Nxd5 5. Nf3 Nc6 6. O-O Nb6 7. Nc3 Be7 8.
d3 O-O 9. Be3 Re8 10. a3 Bf8 11. b4 a5 12. b5 Nd4 13. Nd2 Rb8 14. Nb3 1/2-1/2

[Event "25th Chicago Open"]
[Site "Wheeling, IL"]
[Date "2016.05.30"]
[Round "8.4"]
[White "Yu, Yangyi"]
[Black "Macieja, Bartlomiej"]
[Result "1/2-1/2"]
[WhiteElo "2737"]
[BlackElo "2554"]
[PlyCount "145"]
[EventDate "2016.05.??"]
[EventType "swiss"]
[EventRounds "9"]
[EventCountry "USA"]
[Source "MonRoi"]
[WhiteClock "0:17:39"]
[BlackClock "0:00:17"]

1. d4 Nf6 2. c4 e6 3. Nf3 d5 4. Nc3 dxc4 5. e4 Bb4 6. Bg5 c5 7. Bxc4 cxd4 8.
Nxd4 Bxc3+ 9. bxc3 Qa5 10. Nb5 Nxe4 11. Qd4 O-O 12. Qxe4 a6 13. Be7 axb5 14.
Bb4 Qc7 15. Bxf8 Kxf8 16. Bb3 Qxc3+ 17. Ke2 Qb2+ 18. Kf3 Qc3+ 19. Qe3 Qf6+ 20.
Ke2 Qb2+ 21. Kd3 Nc6 22. Qc5+ Ke8 23. Ke3 Bd7 24. Rab1 Qe5+ 25. Qxe5 Nxe5 26.
Kd4 Nc6+ 27. Kc5 Na5 28. Rhd1 Ke7 29. Rd2 Bc6 30. f4 h5 31. g3 g6 32. Rbd1 Nc4
33. Rd4 Ne3 34. Ra1 Nd5 35. a3 Nf6 36. Bc2 h4 37. Bd3 hxg3 38. hxg3 Nd7+ 39.
Kb4 Ra4+ 40. Kc3 Ra5 41. Bc2 Nf6 42. Kb4 Ra8 43. Bb3 Rh8 44. Rc1 Rh2 45. Rc3
Rb2 46. Ka5 Ne4 47. Re3 Nd6 48. g4 Nc4+ 49. Bxc4 bxc4 50. a4 b6+ 51. Ka6 Bxa4
52. f5 gxf5 53. gxf5 Bc6 54. Ka7 Rb3 55. Rxb3 cxb3 56. Kxb6 e5 57. Rb4 Bd7 58.
Rxb3 Bxf5 59. Kc5 Be4 60. Ra3 Ke6 61. Ra6+ Kf5 62. Kd6 Bd3 63. Ra5 f6 64. Rc5
Be2 65. Ra5 Bd3 66. Rc5 Be2 67. Ra5 Bc4 68. Ke7 Kg5 69. Kd6 Kf5 70. Ke7 Kg5 71.
Kd6 Kf5 72. Ke7 Kg5 73. Kd6 1/2-1/2